Ứng dụng Gis trong công tác quản lý chất thải rắn thnhà phố Cần Thơ : Luận văn tốt nghiệp đại học

Nội dung thiết kế cơ sở dữ liệu cho các nguồn thải, đường vận chuyển, trạm trung chuyển, trạm xử lý, xây dựng các ứng dụng và giao diện hỗ trợ cho việc quản lý và truy xuất thông tin về nguồn thải....

Full beskrivning

Sparad:
Bibliografiska uppgifter
Huvudupphovsman: Trương, Ngọc Phương
Materialtyp: Bok
Språk:Undetermined
Publicerad: Cần Thơ Trường Đại học Cần Thơ 2004
Ämnen:
Taggar: Lägg till en tagg
Inga taggar, Lägg till första taggen!
Thư viện lưu trữ: Trung tâm Học liệu Trường Đại học Cần Thơ
LEADER 01194nam a2200217Ia 4500
001 CTU_143139
008 210402s9999 xx 000 0 und d
082 |a 363.70285 
082 |b Ph561 
088 |a 1990835 
100 |a Trương, Ngọc Phương 
245 0 |a Ứng dụng Gis trong công tác quản lý chất thải rắn thnhà phố Cần Thơ : 
245 0 |b Luận văn tốt nghiệp đại học 
245 0 |c Trương Ngọc Phương ; Nguyễn Hiếu Trung, Lê Hoàng Việt, Lê Đức Toàn (Giáo viên hướng dẫn) 
260 |a Cần Thơ 
260 |b Trường Đại học Cần Thơ 
260 |c 2004 
520 |a Nội dung thiết kế cơ sở dữ liệu cho các nguồn thải, đường vận chuyển, trạm trung chuyển, trạm xử lý, xây dựng các ứng dụng và giao diện hỗ trợ cho việc quản lý và truy xuất thông tin về nguồn thải. 
650 |a Geographic information systems,Hệ thống thông tin địa lý 
904 |i Tuyến 
980 |a Trung tâm Học liệu Trường Đại học Cần Thơ